Sports Quiz

Random Sports or Soccer Quiz

Soccer Players Born in April Quiz Stats

 Plays Quiz not verified by Sporcle

Challenge
Share
Tweet
Score 0/20 Timer 04:00
0 Plays Today
Hint Answer % Correct
Apr 13, 1978Carles Puyol
92.1%
Apr 07, 1983Franck Ribéry
92.1%
Apr 22, 1982Kaká
91.4%
Apr 22, 1987David Luiz
90.8%
Apr 19, 1987Joe Hart
89.5%
Apr 04, 1987Sami Khedira
85.5%
Apr 28, 1988Juan Mata
84.9%
Apr 10, 1986Vincent Kompany
84.9%
Apr 01, 1976Clarence Seedorf
82.2%
Apr 22, 1987John Obi Mikel
71.1%
Hint Answer % Correct
Apr 11, 1991Thiago Alcántara
70.4%
Apr 02, 1966Teddy Sheringham
69.7%
Apr 22, 1977Mark van Bommel
67.8%
Apr 13, 1960Rudi Völler
67.8%
Apr 09, 1975Robbie Fowler
67.1%
Apr 30, 1992Marc-André ter Stegen
66.4%
Apr 16, 1977Fredrik Ljungberg
65.8%
Apr 16, 1987Aaron Lennon
60.5%
Apr 19, 1978Gabriel Heinze
50.7%
Apr 05, 1976Fernando Morientes
48%

You're not logged in!

Compare scores with friends on all Sporcle quizzes.
Join for Free
OR
Log In

You Might Also Like...

Show Comments

Extras

Top Quizzes Today


Score Distribution

Your Account Isn't Verified!

In order to create a playlist on Sporcle, you need to verify the email address you used during registration. Go to your Sporcle Settings to finish the process.

Report this User

Report this user for behavior that violates our Community Guidelines.

Details: